Psychological adaptive mechanisms : (رقم التسجيلة. 31518)

تفاصيل مارك
000 -الفاتح
حقل البيانات ثابتة الطول 01409cam a22003138a 4500
001 - رقم الضبط
رقم الضبط 17115341
003 - محدد رقم الضبط
رقم الضبط OSt
005 - وقت وتاريخ اخر تعامل مع التسجيلة
رقم الضبط 20150408114145.0
008 - عناصر البيانات ثابتة الطول - معلومات عامة
حقل البيانات ثابتة الطول 120109s2012 nyu b 001 0 eng
010 ## - رقم ضبط مكتبة الكونجرس
رقم ضبط مكتبة الكونجرس 2012000399
020 ## - الرقم الدولى المعيارى للكتب
الرقم الدولى المعيارى للكتاب 9780199794492 (hardcover : alk. paper)
035 ## - رقم ضبط النظام
رقم ضبط النظام (DNLM)101576026
040 ## - مصدر الفهرسة
وكالة الفهرسة الأصلية DNLM/DLC
وكالة النسخ DLC
وكالة التعديل DLC
042 ## - رمز التحقق
رمز التحقق pcc
060 10 - رقم الطلب بالمكتبة الطبية الوطنية
رقم التصنيف WM 193
082 00 - رقم تصنيف ديوى العشرى
رقم التصنيف 155.2
رقم الطبعة 23
رقم المادة BTP
100 1# - المدخل الرئيسى - إسم شخصى
الإسم الشخصى Beresford, Thomas P.
9 (RLIN) 38431
245 10 - بيان العنوان
العنوان Psychological adaptive mechanisms :
بقية العنوان ego defense recognition in practice and research /
بيان المسئوليه,etc by Thomas P. Beresford.
260 ## - PUBLICATION, DISTRIBUTION, ETC. (IMPRINT)
مكان الناشر او الموزع New York :
اسم الناشر او الموزع Oxford University Press,
تاريخ النشر أو التوزيع 2012.
263 ## - تاريخ النشر المتوقع
تاريخ النشر المتوقع 1205
300 ## - الوصف المادى
التعداد p. ;
أبعاد الوعاء cm.
504 ## - تبصرة ببليوجرافية
تبصرة ببليوجرافية,الخ Includes bibliographical references and index.
505 0# - تبصرة محتويات-الفهرس
تبصرة المحتويات المصاغة Humans adapt -- The clinical model -- The clinical method -- Denial -- Avoidance/ distortion -- Psychotic projection -- Acting out -- Passive aggression -- Hypochondriasis -- Schizoid fantasy -- Neurotic projection -- Repression -- Intellectualization, or isolation of affect -- Dissociation -- Displacement -- Reaction formation -- Suppression -- Anticipation -- Altruism -- Sublimation -- Humor -- Clinical and practical uses.
650 12 - المدخل الاضافى بالموضوع-مصطلح موضوعى
مصطلح موضوعي أو اسم جغرافي كعنصر مدخل Defense Mechanisms.
9 (RLIN) 38432
650 22 - المدخل الاضافى بالموضوع-مصطلح موضوعى
مصطلح موضوعي أو اسم جغرافي كعنصر مدخل Adaptation, Psychological.
9 (RLIN) 11564
650 22 - المدخل الاضافى بالموضوع-مصطلح موضوعى
مصطلح موضوعي أو اسم جغرافي كعنصر مدخل Stress, Psychological.
9 (RLIN) 11059
906 ## - عنصر بيانات محلى F, LDF (RLIN)
a 7
b rip
c orignew
d 1
e ecip
f 20
g y-gencatlg
942 ## - عناصر المدخل الإضافي( كوها)
مصدر التصنيف او مخطط الترفيف Dewey Decimal Classification
Koha [default] item type DVD
المقتنيات
حالة الفقد نموذج السعر الفعال حالة تلف ليس للاعارة رقم الطلب تاريخ الاكتساب الموقع الحالي الباركود الفرع الرئيسي Date last seen نوع المادة فى نظام كوها مصدر التصنيف او خطة الترفيف Total Checkouts Date last checked out
  2013-10-27     155.2 BTP 2013-10-27 المكتبة المركزية بالمجمعة (CL) 00402348 المكتبة المركزية بالمجمعة (CL) 2013-10-27 كتاب Dewey Decimal Classification    
  2013-10-27     155.2 BTP 2013-10-27 المكتبة المركزية بالمجمعة (CL) 00402349 المكتبة المركزية بالمجمعة (CL) 2023-08-28 كتاب Dewey Decimal Classification 1 2023-06-06
  2013-10-27     155.2 BTP 2013-10-27 المكتبة المركزية بالمجمعة (CL) 00402350 المكتبة المركزية بالمجمعة (CL) 2013-10-27 كتاب Dewey Decimal Classification    
  2013-10-27     155.2 BTP 2013-10-27 مكتبة مجمع الكليات بالزلفى - طلاب (SZM) 00402351 مكتبة مجمع الكليات بالزلفى - طلاب (SZM) 2013-10-27 كتاب Dewey Decimal Classification    
  2013-10-27     155.2 BTP 2013-10-27 مكتبة مجمع الكليات بالزلفى - طلاب (SZM) 00402352 مكتبة مجمع الكليات بالزلفى - طلاب (SZM) 2013-10-27 كتاب Dewey Decimal Classification